IFM Opac

The PMI tution service subject (Record no. 5778)

MARC details
000 -LEADER
fixed length control field 00393nam a2200157Ia 4500
008 - FIXED-LENGTH DATA ELEMENTS--GENERAL INFORMATION
fixed length control field 150509s9999 xx 000 0 und d
082 ## - DEWEY DECIMAL CLASSIFICATION NUMBER
Classification number 362 TOL
100 ## - MAIN ENTRY--PERSONAL NAME
Personal name Tolllerton, Tony
245 #4 - TITLE STATEMENT
Title The PMI tution service subject
260 ## - PUBLICATION, DISTRIBUTION, ETC.
Place of publication, distribution, etc. London:
260 ## - PUBLICATION, DISTRIBUTION, ETC.
Name of publisher, distributor, etc. The chemeleon Press
260 ## - PUBLICATION, DISTRIBUTION, ETC.
Date of publication, distribution, etc. 1999
300 ## - PHYSICAL DESCRIPTION
Extent vii, 86p, ill,; 28cm
500 ## - GENERAL NOTE
General note Includes Index
650 ## - SUBJECT ADDED ENTRY--TOPICAL TERM
Topical term or geographic name entry element Social security
Holdings
Withdrawn status Lost status Source of classification or shelving scheme Damaged status Not for loan Collection code Home library Current library Shelving location Date acquired Source of acquisition Full call number Barcode Date last seen Price effective from Koha item type
    Dewey Decimal Classification     Non-fiction IFM Mwanza Campus IFM Mwanza Campus   08/15/2022 Purchase 362 TOL 0000002840 05/15/2015 05/15/2015 Books